000 00620nam a2200229 i 4500
001 C2-0235561
003 PPAK
005 20180727195623.0
008 010906s1977 io a|||| ||||| | eng d
040 _aPPAK
_beng
_cPPAK
_erda
082 0 4 _a720.49
_223
090 0 0 _a720.49
_bMAS
_dKSF
245 0 0 _aMasalah bangunan
264 1 _aBandong, Indonesia :
_bMinistry of Public Works ,
_c1977
300 _a40 pages :
_billustrations ;
_c29 cm
336 _2rdacontent
_atext
337 _2rdamedia
_aunmediated
338 _2rdacarrier
_avolume
500 _aVolume 19
650 1 0 _aBuilding - Design
942 _ddc
_cB
999 _c51544
_d51544